000 00733nam a2200229Ia 4500
003 OSt
005 20250909104522.0
008 210716s2011 xx 000 0 und d
020 _a9788120340930
040 _cAIMIT LIBRARY
041 _aeng
082 _a005.741
_23
_bPRAC
100 _aPrabhu, C S R.
_9238440
245 _aObject-oriented database systems :
_bapproaches and architectures /
_cBy C.S.R Prabhu.
250 _a3rd ed.
260 _aNew Delhi :
_bPHI Learning Pvt Ltd ,
_c2011.
300 _axv;246 p.;
_bPB
_c24 cm.
650 _aSemantic database models and systems
_9238441
650 _aObject oriented database systems
_9238442
650 _aRelational extensions
_9238443
942 _2ddc
_cBK
_k005.741 PRAC
999 _c191345
_d191345